000 00255nam a22001097a 4500
008 170126b xxu||||| |||| 00| 0 eng d
020 _a9780316774864
041 _aeng
080 _23RD
_a61
245 _aMANUAL OF NEPHROLOGY
_cSCHRIER, R.W
942 _2udc
_cBK
999 _c3739
_d3739